MARC details
| 000 -LEADER |
| campo de control de longitud fija |
01662nam a2200373 i 4500 |
| 001 - NÚMERO DE CONTROL |
| campo de control |
198429 |
| 003 - IDENTIFICADOR DE NÚMERO DE CONTROL |
| campo de control |
ES-MaACL |
| 005 - FECHA Y HORA DE LA ÚLTIMA TRANSACCIÓN |
| campo de control |
20260625215014.0 |
| 007 - CAMPO FIJO DE DESCRIPCIÓN FÍSICA--INFORMACIÓN GENERAL |
| campo de control de longitud fija |
ta |
| 008 - DATOS DE LONGITUD FIJA--INFORMACIÓN GENERAL |
| campo de control de longitud fija |
260605s2025 sp ||||| |||| 001 0 spa d |
| 017 ## - NÚMERO DE COPYRIGHT O DE DEPÓSITO LEGAL |
| Número de copyright o de depósito legal |
M 6050-2025 |
| Agencia que asigna |
Oficina Depósito Legal Madrid |
| 020 ## - NÚMERO INTERNACIONAL ESTÁNDAR DEL LIBRO |
| Número Internacional Estándar del Libro |
978-84-1364-303-8 |
| 040 ## - FUENTE DE CATALOGACIÓN |
| Centro catalogador/agencia de origen |
ES-MaACL |
| Lengua de catalogación |
spa |
| Centro/agencia transcriptor |
ES-MaACL |
| Normas de descripción |
rda |
| 080 ## - NÚMERO DE LA CLASIFICACIÓN DECIMAL UNIVERSAL |
| Número de la Clasificación Decimal Universal |
329.23(460) |
| 100 1# - ENTRADA PRINCIPAL--NOMBRE DE PERSONA |
| Relación |
aut |
| Nombre de persona |
Pérez Tapias, José Antonio |
| Término indicativo de función/relación |
Autor |
| 9 (RLIN) |
91169 |
| 245 13 - MENCIÓN DEL TÍTULO |
| Título |
La república por venir : |
| Resto del título |
de la melancolía política a la radicalización cosmopolita de la democracia / |
| Mención de responsabilidad, etc. |
José Antonio Pérez Tapias |
| 264 #1 - PRODUCCIÓN, PUBLICACIÓN, DISTRIBUCIÓN, FABRICACIÓN Y COPYRIGHT |
| Producción, publicación, distribución, fabricación y copyright |
Madrid : |
| Nombre del de productor, editor, distribuidor, fabricante |
Editorial Trotta, |
| Fecha de producción, publicación, distribución, fabricación o copyright |
2025 |
| 264 #4 - PRODUCCIÓN, PUBLICACIÓN, DISTRIBUCIÓN, FABRICACIÓN Y COPYRIGHT |
| Fecha de producción, publicación, distribución, fabricación o copyright |
©2025 |
| 300 ## - DESCRIPCIÓN FÍSICA |
| Extensión |
253 páginas ; |
| Dimensiones |
23 cm |
| 336 ## - TIPO DE CONTENIDO |
| Fuente |
rdacontent |
| Término de tipo de contenido |
Texto |
| 337 ## - TIPO DE MEDIO |
| Fuente |
rdamedia |
| Nombre/término del tipo de medio |
sin mediación |
| 338 ## - TIPO DE SOPORTE |
| Fuente |
rdacarrier |
| Nombre/término del tipo de soporte |
volumen |
| 490 0# - MENCIÓN DE SERIE |
| Mención de serie |
Colección Estructuras y Procesos. |
| Nombre de parte o sección de la obra |
Serie Ciencias Sociales |
| 500 ## - NOTA GENERAL |
| Nota general |
Registro provisional |
| 500 ## - NOTA GENERAL |
| Nota general |
Ejemplar firmado y dedicado por el autor |
| 500 ## - NOTA GENERAL |
| Nota general |
Ejemplar entregado por don Juan Armindo Hernández Montero, presidente del Ateneo de Madrid del 2019-2021. Se guarda en el Archivo del Ateneo su tarjeta de presentación con nota manuscrita |
| 504 ## - NOTA DE BIBLIOGRAFÍA, ETC. |
| Nota de bibliografía, etc. |
Bibliografía: páginas 233-248. Índices |
| 650 #4 - PUNTO DE ACCESO ADICIONAL DE MATERIA--TÉRMINO DE MATERIA |
| Término de materia o nombre geográfico como elemento de entrada |
Republicanismo- |
| Subdivisión geográfica |
España |
| 9 (RLIN) |
16856 |
| 852 ## - LOCALIZACIÓN |
| Ubicación |
ES-MaACL |
| Ubicación en estantería |
Depósito J |
| Número de control de estantería |
DJ-44 |
| Anotaciones manuscritas |
Dedicatoria autógrafa del autor |
| Donativo/Legado |
Donación: José Antonio Pérez Tapias |
| Encuadernación |
Encuadernación rústica con solapas |
| itemnumber |
207429 |
| 942 ## - ELEMENTOS DE ENTRADA SECUNDARIOS (KOHA) |
| Tipo de ítem Koha |
Libro impreso |
| Suprimir en OPAC |
No |